000 00948cam a2200301 i 4500
001 601
003 BD-RjUL
005 20211208233214.0
008 760408s1975 ii a b 001 0 eng
020 _a0706903404
035 _a(BD-RjUL)619
040 _aDLC
_cDLC
_dDLC
_dBD-RjUL
_beng
041 _aeng
082 0 0 _a808.0666
_216
_bNEP 1975
100 1 _aNeelameghan, A.
_q(Arashanapalai),
_d1927-
_91838
245 1 0 _aPresentation of ideas in technical writing /
_cA. Neelameghan.
250 _a1st ed.
260 _aDelhi :
_bVikas Pub. House,
_c1975.
300 _a189 p. :
_bill. ;
_c19 cm.
490 1 _aSarada Ranganathan Endowment for library science series ; 7
504 _aIncludes bibliographical references and index.
650 0 _aTechnical writing.
_91839
830 0 _v7.
_95017
830 0 _aSarada Ranganathan Endowment for Library Science series ;
_95018
942 _2ddc
_cBK
999 _c601
_d601